Mozart, el niño genio / (Registro nro. 68897)
[ vista simple ]
| 000 -LEADER | |
|---|---|
| fixed length control field | 01292cam a2200361 i 4500 |
| 001 - CONTROL NUMBER | |
| control field | 68897 |
| 003 - CONTROL NUMBER IDENTIFIER | |
| control field | Mx-PuUPA |
| 005 - DATE AND TIME OF LATEST TRANSACTION | |
| control field | 20221207101448.0 |
| 008 - FIXED-LENGTH DATA ELEMENTS--GENERAL INFORMATION | |
| fixed length control field | 221014s2016 mx a gr 00| 0 spa d |
| 020 ## - INTERNATIONAL STANDARD BOOK NUMBER | |
| International Standard Book Number | 9786072422582 |
| 020 ## - INTERNATIONAL STANDARD BOOK NUMBER | |
| International Standard Book Number | 9789687791760 |
| Qualifying information | de la colección el barco de vapor |
| 040 ## - CATALOGING SOURCE | |
| Original cataloging agency | Mx-PuUPA |
| Language of cataloging | spa |
| Transcribing agency | Mx-PuUPA |
| Modifying agency | Mx-PuUPA |
| Description conventions | rda |
| 041 0# - LANGUAGE CODE | |
| Language code of text/sound track or separate title | spa |
| 100 1# - MAIN ENTRY--PERSONAL NAME | |
| 9 (RLIN) | 13402 |
| Personal name | Villanes Cairo, Carlos, |
| Dates associated with a name | 1943- |
| Relator term | autor |
| 245 10 - TITLE STATEMENT | |
| Title | Mozart, el niño genio / |
| Statement of responsibility, etc. | Carlos Villanes Cairo, Isabel Córdova Rosas ; ilustraciones de Antonia Santolaya |
| 250 ## - EDITION STATEMENT | |
| Edition statement | Segunda edición |
| 264 #1 - PRODUCTION, PUBLICATION, DISTRIBUTION, MANUFACTURE, AND COPYRIGHT NOTICE | |
| Place of production, publication, distribution, manufacture | Ciudad de México : |
| Name of producer, publisher, distributor, manufacturer | SM de Ediciones, |
| Date of production, publication, distribution, manufacture, or copyright notice | 2016 |
| 300 ## - PHYSICAL DESCRIPTION | |
| Extent | 125 páginas : |
| Other physical details | ilustraciones ; |
| Dimensions | 19 cm |
| 336 ## - CONTENT TYPE | |
| Fuente | rdacontent |
| Content type term | texto |
| Content type code | txt |
| 337 ## - MEDIA TYPE | |
| Source | rdamedia |
| Media type term | sin medio |
| Media type code | n |
| 338 ## - CARRIER TYPE | |
| Source | rdacarrier |
| Carrier type term | volumen |
| Carrier type code | nc |
| 490 1# - SERIES STATEMENT | |
| Series statement | El barco de vapor. Naranja ; |
| Volume/sequential designation | 45M |
| 521 0# - TARGET AUDIENCE NOTE | |
| Target audience note | A partir de 9+. |
| 600 14 - SUBJECT ADDED ENTRY--PERSONAL NAME | |
| Personal name | Mozart, 1756-1791, |
| Form subdivision | Literatura infantil |
| 650 #7 - SUBJECT ADDED ENTRY--TOPICAL TERM | |
| Source of heading or term | armarc |
| Topical term or geographic name entry element | Literatura peruana |
| 700 1# - ADDED ENTRY--PERSONAL NAME | |
| Personal name | Córdova Rosas, Isabel, |
| Relator term | autor |
| 700 1# - ADDED ENTRY--PERSONAL NAME | |
| Personal name | Santolaya, Antonia, |
| Relator term | ilustrador |
| 830 #0 - SERIES ADDED ENTRY--UNIFORM TITLE | |
| Uniform title | Barco de vapor |
| Name of part/section of a work | Naranja |
| Volume/sequential designation | 45M |
| 942 ## - ADDED ENTRY ELEMENTS (KOHA) | |
| Source of classification or shelving scheme | Dewey Decimal Classification |
| Koha item type | Libro |
| Classification part | 863 |
| Item part | B2945 |
| Withdrawn status | Lost status | Source of classification or shelving scheme | Damaged status | Not for loan | Collection code | Home library | Current library | Shelving location | Date acquired | Source of acquisition | Cost, normal purchase price | Total Checkouts | Full call number | Barcode | Date last seen | Cost, replacement price | Price effective from | Koha item type |
|---|---|---|---|---|---|---|---|---|---|---|---|---|---|---|---|---|---|---|
| Dewey Decimal Classification | Infantil | Biblioteca Karol Wojtyla | Biblioteca Karol Wojtyla | Área de silencio | 20/08/2021 | 1 | 138.00 | 863 B2945 2016 | 101270 | 05/01/2026 | 138.00 | 20/08/2021 | Libro infantil |